000 00238 a2200097 4500
001 7729
100 _aFranklin, P
245 _aIntroduction to fourier methods and the laplace transformation
260 _a
_bDover
_c
090 _c6186
_d6186
942 _aNUST-CAE
_cM
_c32696
999 _c242802
_d242802